Traduction de vocabulaire en anglais - Statistiques

Statistiques générales
  • Ce quiz a été pris 510 fois
  • Le résultat moyen est 13 sur 15
Statistiques - réponses
Hint Réponse % Correct
To help Aider
99%
Birthday Anniversaire
99%
To work Travailler
99%
Shoes Chaussures
98%
Day Jour
98%
Fish Poisson
98%
Finger Doigt
97%
Twelve Douze
97%
Husband Mari
96%
Socks Chaussettes
95%
Party Fête
94%
Sick Malade
92%
Enough Assez
81%
To borrow Emprunter
51%
Purpose Objectif
47%
Aucun quiz correspondant
Distribution des résultats
% des personnes avec chaque résultat
Percentile par nombre de réponses
Votre historique - résultats
Vous n’avez pas pris ce quiz